[Event "ISR-chT"]
[Site "Israel"]
[Date "2003.03.28"]
[Round "8"]
[White "Peker, Oleg"]
[Black "Shevelev, Arkady"]
[Result "1/2-1/2"]
[WhiteElo "2400"]
[BlackElo "2345"]
[PlyCount "58"]
[EventDate "2003.01.??"]
[EventType "team-tourn"]
[EventRounds "11"]
[EventCountry "ISR"]
[SourceTitle "EXT 2004"]
[Source "ChessBase"]
[SourceDate "2003.11.25"]
[SourceVersion "1"]
[SourceVersionDate "2003.11.25"]
[SourceQuality "1"]

1. d4 Nf6 2. c4 c5 3. d5 b5 4. Nf3 bxc4 5. Nc3 d6 6. e4 Nbd7 7. Bxc4 g6 8. 0-0 Bg7 9. Re1 0-0 10. h3 Rb8 11. Bf1 Nh5 12. Be2 Qa5 13. Qc2 Ba6 14. Bxa6 Qxa6 15. Bg5 f6 16. Bd2 Ne5 17. Nxe5 fxe5 18. Be3 Nf4 19. Rab1 Qc8 20. Kh2 Nxh3 21. gxh3 Rf3 22. Ne2 Qxh3+ 23. Kg1 Rxe3 24. fxe3 Bh6 25. Nc3 Bxe3+ 26. Rxe3 Qxe3+ 27. Qf2 Qg5+ 28. Qg2 Qe3+ 29. Qf2 Qg5+ 1/2-1/2

[Event "ISR-chT"]
[Site "Israel"]
[Date "2003.03.08"]
[Round "5"]
[White "Peker, Oleg"]
[Black "Krayz, Alexander"]
[Result "1/2-1/2"]
[WhiteElo "2400"]
[BlackElo "2409"]
[PlyCount "71"]
[EventDate "2003.01.??"]
[EventType "team-tourn"]
[EventRounds "11"]
[EventCountry "ISR"]
[SourceTitle "EXT 2004"]
[Source "ChessBase"]
[SourceDate "2003.11.25"]
[SourceVersion "1"]
[SourceVersionDate "2003.11.25"]
[SourceQuality "1"]

1. d4 Nf6 2. c4 e6 3. Nc3 Bb4 4. e3 b6 5. Bd3 Bb7 6. Nf3 0-0 7. 0-0 d5 8. a3 Bd6 9. Qc2 c5 10. dxc5 Bxc5 11. e4 d4 12. Ne2 Nc6 13. Bg5 h6 14. Bh4 a5 15. Rae1 e5 16. Qc1 Kh7 17. Ng3 g6 18. h3 Be7 19. Nh2 Ne8 20. Bxe7 Qxe7 21. Ne2 f6 22. Qd2 a4 23. Qc2 Nc7 24. f4 Na5 25. Nf3 Bc6 26. h4 Ne8 27. h5 g5 28. fxg5 fxg5 29. Ng3 Nd6 30. Nf5 Qe6 31. Nd2 Ne8 32. Rf3 Nf6 33. Ref1 Rab8 34. Ng3 Kg7 35. Rf5 Ng8 36. Qd1 1/2-1/2

[Event "ISR-chT"]
[Site "Israel"]
[Date "2002.02.02"]
[Round "4"]
[White "Peker, Oleg"]
[Black "Zoler, Dan"]
[Result "0-1"]
[WhiteElo "2404"]
[BlackElo "2497"]
[PlyCount "49"]
[EventDate "2002.01.10"]
[EventType "team-tourn"]
[EventRounds "11"]
[EventCountry "ISR"]
[SourceTitle "EXT 2003"]
[Source "ChessBase"]
[SourceDate "2002.11.25"]
[SourceVersion "1"]
[SourceVersionDate "2002.11.25"]
[SourceQuality "1"]

1. d4 Nf6 2. c4 e6 3. Nc3 Bb4 4. e3 0-0 5. Bd3 c5 6. Nf3 Nc6 7. 0-0 Bxc3 8. bxc3 d6 9. Nd2 e5 10. h3 h6 11. f4 exd4 12. cxd4 cxd4 13. e4 Re8 14. Qf3 Nd7 15. Bb2 Nc5 16. Nb3 Qb6 17. Rab1 Nxb3 18. axb3 Bd7 19. Kh2 Re7 20. Ba3 Nb4 21. Rbd1 Bc6 22. Bb1 Rae8 23. Qf2 Bxe4 24. Qxd4 Qxd4 25. Rxd4 0-1

[Event "ISR-chT"]
[Site "Ramat Aviv"]
[Date "2000.05.12"]
[Round "11.3"]
[White "Peker, Oleg"]
[Black "Gluzman, Carol"]
[Result "1-0"]
[WhiteElo "2385"]
[BlackElo "2280"]
[PlyCount "45"]
[EventDate "2000.01.14"]
[EventType "team-tourn"]
[EventRounds "11"]
[EventCountry "ISR"]
[SourceTitle "CBM 077"]
[Source "ChessBase"]
[SourceDate "2000.07.27"]
[SourceVersion "1"]
[SourceVersionDate "2000.07.27"]
[SourceQuality "1"]
[WhiteTeam "Petah Tikva Hapoel"]
[BlackTeam "Maccabi Afek"]
[WhiteTeamCountry "ISR"]
[BlackTeamCountry "ISR"]

1. d4 Nf6 2. c4 c5 3. d5 b5 4. Nf3 g6 5. Qc2 Bg7 6. e4 d6 7. h3 0-0 8. cxb5 a6 9. Nc3 Nbd7 10. a4 e6 11. dxe6 fxe6 12. Bg5 Qa5 13. Bd2 Qc7 14. Bc4 Nb6 15. Be2 axb5 16. Nxb5 Qb8 17. 0-0 Nbd7 18. Bf4 Ne8 19. Bg3 Qb6 20. Rfd1 e5 21. Nd2 Ndf6 22. Nc4 Qc6 23. Ncxd6 1-0

[Event "ISR-chT"]
[Site "Ramat Aviv"]
[Date "2000.05.05"]
[Round "10.3"]
[White "Bykhovsky, Avigdor"]
[Black "Peker, Oleg"]
[Result "1-0"]
[WhiteElo "2467"]
[BlackElo "2385"]
[PlyCount "107"]
[EventDate "2000.01.14"]
[EventType "team-tourn"]
[EventRounds "11"]
[EventCountry "ISR"]
[SourceTitle "CBM 077"]
[Source "ChessBase"]
[SourceDate "2000.07.27"]
[SourceVersion "1"]
[SourceVersionDate "2000.07.27"]
[SourceQuality "1"]
[WhiteTeam "Herzliya"]
[BlackTeam "Petah Tikva Hapoel"]
[WhiteTeamCountry "ISR"]
[BlackTeamCountry "ISR"]

1. d4 g6 2. e4 Bg7 3. c4 d6 4. Nc3 Nf6 5. f3 0-0 6. Be3 c5 7. Nge2 Nc6 8. d5 Ne5 9. Ng3 e6 10. Be2 exd5 11. cxd5 a6 12. a4 h5 13. 0-0 Nh7 14. Qd2 h4 15. Nh1 g5 16. Nf2 Ng6 17. a5 Re8 18. Na4 f5 19. Nb6 f4 20. Bxc5 Rb8 21. Bd4 Ne5 22. h3 Nf8 23. Rac1 Nfd7 24. b4 Nxb6 25. Bxb6 Qf6 26. Rc7 g4 27. hxg4 Nd7 28. Rd1 Nxb6 29. axb6 Rf8 30. Qc2 Qe5 31. Kh1 Rd8 32. Nd3 Qg5 33. Nf2 Be5 34. b5 a5 35. Nh3 Qf6 36. Rc1 Ra8 37. Rxc8 Raxc8 38. Qxc8 Rxc8 39. Rxc8+ Kh7 40. g5 Qg6 41. Rc7+ Kg8 42. Rc8+ Kh7 43. Bd1 Kg7 44. Bc2 Kh7 45. Ba4 Kg7 46. Rc7+ Kg8 47. Rxb7 Qe8 48. g6 Qc8 49. Rc7 Qb8 50. Ng5 Bd4 51. Ne6 Bxb6 52. Rg7+ Kh8 53. Rf7 Kg8 54. Kh2 1-0

[Event "ISR-chT"]
[Site "Israel"]
[Date "1999.04.16"]
[Round "8"]
[White "Peker, Oleg"]
[Black "Zilberman, Yaacov"]
[Result "0-1"]
[WhiteElo "2363"]
[BlackElo "2513"]
[PlyCount "100"]
[EventDate "1999.01.??"]
[EventType "team-tourn"]
[EventRounds "11"]
[EventCountry "ISR"]
[SourceTitle "EXT 2000"]
[Source "ChessBase"]
[SourceDate "1999.11.16"]
[SourceVersion "1"]
[SourceVersionDate "1999.11.16"]
[SourceQuality "1"]

1. d4 d5 2. c4 dxc4 3. Nf3 Nf6 4. e3 Bg4 5. Bxc4 e6 6. 0-0 a6 7. b3 Nc6 8. Bb2 Bd6 9. Nbd2 0-0 10. Be2 Re8 11. h3 Bh5 12. Rc1 Bg6 13. Nh4 e5 14. Nxg6 hxg6 15. dxe5 Bxe5 16. Bxe5 Nxe5 17. Qc2 c6 18. Nf3 Nxf3+ 19. Bxf3 Qa5 20. Qb2 Rad8 21. b4 Qe5 22. Qxe5 Rxe5 23. Rfd1 Rxd1+ 24. Rxd1 Kf8 25. a4 Ke7 26. Kf1 Ne4 27. Rd3 Nd6 28. Rb3 a5 29. Ke2 axb4 30. Rxb4 Ra5 31. g3 Kd7 32. Kd3 c5 33. Rb2 Kc7 34. Bd1 Ra8 35. h4 b6 36. Bc2 Rd8 37. Kc3 Kc6 38. Bd3 f5 39. Rd2 c4 40. Bb1 Kc5 41. Rb2 Ra8 42. Bc2 b5 43. Rb4 bxa4 44. Rxa4 Ne4+ 45. Kb2 Rxa4 46. Bxa4 Nxf2 47. Be8 Nd1+ 48. Kc1 Nxe3 49. Bxg6 Kd4 50. Bh7 Ke4 0-1

[Event "Petah Tikva 3th"]
[Site "Petah Tikva"]
[Date "1997.10.19"]
[Round "7"]
[White "Peker, Oleg"]
[Black "Tsesarsky, Ilya"]
[Result "0-1"]
[WhiteElo "2370"]
[BlackElo "2445"]
[PlyCount "58"]
[EventDate "1997.10.??"]
[EventType "swiss"]
[EventRounds "10"]
[EventCountry "ISR"]
[SourceTitle "CBM 061"]
[Source "ChessBase"]
[SourceDate "1997.11.23"]
[SourceVersion "1"]
[SourceVersionDate "1997.11.23"]
[SourceQuality "1"]

1. d4 Nf6 2. c4 e6 3. Nc3 Bb4 4. e3 c5 5. Bd3 0-0 6. Nf3 d5 7. 0-0 Nc6 8. a3 cxd4 9. exd4 dxc4 10. Bxc4 Be7 11. Re1 a6 12. Bg5 b5 13. Bb3 Bb7 14. Qd3 b4 15. Na4 bxa3 16. bxa3 Na5 17. Bc2 g6 18. Rab1 Bc6 19. Nc3 Qd6 20. Ne5 Rfd8 21. Rb6 Qc7 22. Reb1 Bd5 23. Bd2 Bc4 24. Qg3 Rxd4 25. Be3 Bc5 26. Qf3 Qxe5 27. Qxa8+ Kg7 28. Qb8 Bd6 29. Bxd4 Qxh2# 0-1

[Event "Lost Boys op"]
[Site "Antwerp"]
[Date "1997.??.??"]
[Round "9"]
[White "Ree, Hans"]
[Black "Peker, Oleg"]
[Result "1-0"]
[WhiteElo "2435"]
[BlackElo "2370"]
[PlyCount "65"]
[EventDate "1997.08.02"]
[EventType "swiss"]
[EventRounds "9"]
[EventCountry "BEL"]
[SourceTitle "EXT 2001"]
[Source "ChessBase"]
[SourceDate "2000.11.22"]
[SourceVersion "1"]
[SourceVersionDate "2000.11.22"]
[SourceQuality "1"]

1. c4 g6 2. d4 Bg7 3. e4 d6 4. Nc3 Nf6 5. Bd3 0-0 6. Nge2 e5 7. d5 Na6 8. 0-0 Nc5 9. Bc2 a5 10. Rb1 c6 11. a3 cxd5 12. cxd5 a4 13. f3 Bd7 14. Be3 Qa5 15. Nc1 Nh5 16. Nd3 Nxd3 17. Bxd3 Nf4 18. Bc2 f5 19. Qd2 Nh5 20. exf5 gxf5 21. Bh6 Rf7 22. Kh1 Qc5 23. Be3 Qa5 24. g4 Nf4 25. gxf5 Bxf5 26. Bxf5 Rxf5 27. Ne4 Qxd2 28. Bxd2 Ra6 29. Bxf4 exf4 30. b3 axb3 31. Rxb3 Ra7 32. Nxd6 Rxd5 33. Nc8 1-0

[Event "Petah Tikva"]
[Site "Petah Tikva"]
[Date "1996.??.??"]
[Round "7"]
[White "Kantsler, Boris"]
[Black "Peker, Oleg"]
[Result "1/2-1/2"]
[WhiteElo "2455"]
[BlackElo "2365"]
[PlyCount "56"]
[EventDate "1996.09.30"]
[EventType "tourn"]
[EventRounds "11"]
[EventCountry "ISR"]
[EventCategory "4"]
[SourceTitle "CBM 055 Extra"]
[Source "ChessBase"]
[SourceDate "1997.01.01"]
[SourceVersion "1"]
[SourceVersionDate "1997.01.01"]
[SourceQuality "1"]

1. d4 Nf6 2. Nf3 g6 3. Bg5 Bg7 4. Nbd2 0-0 5. c3 d6 6. e4 c5 7. dxc5 dxc5 8. Bc4 Nc6 9. 0-0 Qc7 10. Qe2 h6 11. Bh4 Nh5 12. Qe3 b6 13. Rfe1 g5 14. Bxg5 hxg5 15. Qxg5 Nf4 16. e5 Ne6 17. Qg3 Rd8 18. Re4 b5 19. Bxb5 Nxe5 20. Nxe5 Rxd2 21. Bc4 Qd6 22. h3 Bb7 23. Rg4 Bd5 24. Qe3 Bxc4 25. Nxc4 Rd1+ 26. Rxd1 Qxd1+ 27. Kh2 Qd5 28. Qg3 Rd8 1/2-1/2

[Event "Petah Tikva"]
[Site "Petah Tikva"]
[Date "1996.??.??"]
[Round "1"]
[White "Peker, Oleg"]
[Black "Botvinnik, Ilia"]
[Result "1/2-1/2"]
[WhiteElo "2365"]
[BlackElo "2350"]
[PlyCount "27"]
[EventDate "1996.09.30"]
[EventType "tourn"]
[EventRounds "11"]
[EventCountry "ISR"]
[EventCategory "4"]
[SourceTitle "CBM 055 Extra"]
[Source "ChessBase"]
[SourceDate "1997.01.01"]
[SourceVersion "1"]
[SourceVersionDate "1997.01.01"]
[SourceQuality "1"]

1. d4 d5 2. c4 c6 3. Nf3 Nf6 4. Qc2 g6 5. Bf4 dxc4 6. Qxc4 Bg7 7. e3 Qb6 8. Qc1 c5 9. dxc5 Qb4+ 10. Nc3 0-0 11. a3 Qxc5 12. Nb5 Qxc1+ 13. Rxc1 Nc6 14. Nc7 1/2-1/2

[Event "Petah Tikva"]
[Site "Petah Tikva"]
[Date "1996.??.??"]
[Round "2"]
[White "Ribshtein, Nati"]
[Black "Peker, Oleg"]
[Result "0-1"]
[WhiteElo "2270"]
[BlackElo "2365"]
[PlyCount "80"]
[EventDate "1996.09.30"]
[EventType "tourn"]
[EventRounds "11"]
[EventCountry "ISR"]
[EventCategory "4"]
[SourceTitle "CBM 055 Extra"]
[Source "ChessBase"]
[SourceDate "1997.01.01"]
[SourceVersion "1"]
[SourceVersionDate "1997.01.01"]
[SourceQuality "1"]

1. Nf3 Nf6 2. g3 g6 3. b3 Bg7 4. Bb2 0-0 5. Bg2 d5 6. c4 c5 7. cxd5 Qxd5 8. Nc3 Qf5 9. Rc1 Nfd7 10. d4 Nc6 11. e4 Qh5 12. d5 Nce5 13. Nxe5 Nxe5 14. f4 Bg4 15. Qd2 Nf3+ 16. Bxf3 Bxf3 17. Rf1 Bd4 18. Rc2 e6 19. h3 f5 20. dxe6 fxe4 21. e7 Rfe8 22. Nd1 Bxd1 23. Qxd1 Qxh3 24. Bxd4 cxd4 25. Qxd4 Qxg3+ 26. Kd1 Rxe7 27. Qd5+ Rf7 28. Qxe4 Qg4+ 29. Kc1 Raf8 30. Rc4 Qf5 31. Qxf5 Rxf5 32. Rc7 R5f7 33. Rxf7 Rxf7 34. Kd2 Kf8 35. Ke3 g5 36. f5 Ke7 37. Ke4 Kf6 38. Rf2 Re7+ 39. Kd5 Re5+ 40. Kd6 Rxf5 0-1

[Event "ISR-chT"]
[Site "Israel"]
[Date "1996.??.??"]
[Round "8"]
[White "Zifroni, Dov"]
[Black "Peker, Oleg"]
[Result "1/2-1/2"]
[WhiteElo "2455"]
[BlackElo "2275"]
[PlyCount "98"]
[EventDate "1996.??.??"]
[EventType "team-tourn"]
[EventRounds "11"]
[EventCountry "ISR"]
[SourceTitle "CBM 052 Extra"]
[Source "ChessBase"]
[SourceDate "1996.07.01"]
[SourceVersion "1"]
[SourceVersionDate "1996.07.01"]
[SourceQuality "1"]

1. e4 e6 2. d4 d5 3. Nd2 c5 4. Ngf3 cxd4 5. exd5 Qxd5 6. Bc4 Qd6 7. 0-0 Nf6 8. Nb3 Nc6 9. Nbxd4 Nxd4 10. Nxd4 a6 11. Re1 Qc7 12. Bb3 Bd6 13. Nf5 Bxh2+ 14. Kh1 0-0 15. Nxg7 Rd8 16. Qf3 Kxg7 17. Bh6+ Kg6 18. c4 Nh5 19. Be3 f5 20. g4 Nf6 21. gxf5+ exf5 22. Qg2+ Ng4 23. f3 Bd7 24. Bc2 Bg3 25. Qh3 Nxe3 26. Rxe3 Qf4 27. Rg1 Qxe3 28. Qxg3+ Kf7 29. Qg7+ Ke6 30. Bxf5+ Kxf5 31. Qxh7+ Ke5 32. Qe7+ Be6 33. Rg5+ Qxg5 34. Qxg5+ Kd6 35. Qf4+ Ke7 36. Qg5+ Kd7 37. Qg7+ Kc6 38. Qf6 Rh8+ 39. Kg2 Rae8 40. b4 Kd7 41. b5 axb5 42. Qd4+ Kc6 43. cxb5+ Kxb5 44. Qb2+ Kc6 45. Qc3+ Kd6 46. Qb4+ Ke5 47. Qe4+ Kf6 48. Qd4+ Kg6 49. Qe4+ Kf6 1/2-1/2